000 00734nam a2200265Ia 4500
003 OSt
005 20220918201415.0
006 a|||||r|||| 00| 0
007 ta
008 220917b |||||||| |||| 00| 0 eng d
024 _a93,741
037 _cTextual
040 _aARTS
_cARTS
_beng
041 _2eng
_aeng
082 _aV2y7M97, N1 (MILSC)
100 _aKhurshed Alam Khan
_998622
245 0 _aDr. Zakir Husain
260 _aNew Delhi
_bSahitya Akademi
_c1991
300 _a119p.
_ccm.
490 _aMakers of Indian literature
650 _aHISTORY
700 _a Sheik Ali B.
_998623
942 _hV2y7M97, N1 (MILSC)
_cTEXL
_2CC
999 _c217383
_d217383